Intruder on Mark Twain quotes - Statistics

General Stats
  • This quiz has been taken 14 times
    8 since last reset
  • The average score is 14 of 32
Answer Stats
Hint Answer % Correct
I did not attend his funeral, but I sent a nice letter saying I approved of it. letter
86%
′Classic′ - a book which people disapprove and don't read. disapprove
86%
I did not attend his funeral, but I sent a nice e-mail saying I approved of it. e-mail
86%
A lie can travel half way around the world while the truth is putting on its hat. hat
86%
A lie can travel half way around the world while the truth is putting on its shoes. shoes
71%
I have never let my golfing interfere with my education. golfing
71%
I was gratified to be able to answer promptly, and I did. I said I didn’t know. know
57%
I was gratified to be able to answer promptly, and I did. I said I didn’t care. care
57%
Get your facts first, and then you can cook them as much as you please. cook
57%
If you tell the truth, you don't have to say anything. say
57%
Good friends, good wine, and a sleepy conscience: this is the ideal life. wine
57%
The man who does not read has no advantage over the woman who cannot read. woman
57%
Wrinkles should merely indicate where the worries have been. worries
57%
Courage is resistance to fear, mastery of fear - not absence of fear.! Courage
43%
The man who does not read has no advantage over the man who cannot read. man
43%
Never tell the truth to people who are not aware of it. aware
43%
God created maps so that Americans would learn geography. maps
43%
Poltroonery is resistance to fear, mastery of fear - not absence of fear. Poltroonery
43%
Good friends, good books, and a sleepy conscience: this is the ideal life. books
29%
Never put off till tomorrow what may be done day after tomorrow just as well. Never
29%
If you tell the truth, you don't have to remember anything. remember
29%
I have never let my schooling interfere with my education. schooling
29%
Wrinkles should merely indicate where the smiles have been. smiles
29%
Always put off till tomorrow what may be done day after tomorrow just as well. Always
29%
Books are for people who wish they were somebody else. somebody
29%
Get your facts first, and then you can distort them as much as you please. distort
14%
′Classic′ - a book which people praise and don't read. praise
14%
Books are for people who wish they were somewhere else. somewhere
14%
God created war so that Americans would learn geography. war
14%
Forgiveness is the fragrance that the rose sheds on the heel that has crushed it. rose
14%
Forgiveness is the fragrance that the violet sheds on the heel that has crushed it. violet
0%
Never tell the truth to people who are not worthy of it. worthy
0%
No matching quizzes found
Score Distribution
Percent of People with Each Score
Percentile by Number Answered
Your Score History
You have not taken this quiz since the last reset